6ος πανελλήνιος φοιτητικός διαγωνισμός : ανάπτυξη και περιβάλλον στην Ελλάδα : οι βραβευμένες εργασίες
Αποθηκεύτηκε σε:
| Μορφή: | Βιβλίο |
|---|---|
| Γλώσσα: | Greek |
| Δημοσίευση: |
Αθήνα :
Εκδόσεις Κέρκυρα,
2000
|
| Θέματα: | |
| Ετικέτες: |
Προσθήκη ετικέτας
Δεν υπάρχουν, Καταχωρήστε ετικέτα πρώτοι!
|
MARC
| LEADER | 00000cam a2200000 i 4500 | ||
|---|---|---|---|
| 001 | 1/52434 | ||
| 008 | 040322s2000 gre d | ||
| 020 | |a 960-86003-6-7 | ||
| 035 | |l 10072919 | ||
| 040 | |a GR-MY-UA |b gre |e aacr | ||
| 041 | 0 | |a gre | |
| 082 | 0 | |a 363.7 | |
| 245 | 1 | 0 | |a 6ος πανελλήνιος φοιτητικός διαγωνισμός : |b ανάπτυξη και περιβάλλον στην Ελλάδα : οι βραβευμένες εργασίες |
| 260 | |a Αθήνα : |b Εκδόσεις Κέρκυρα, |c 2000 | ||
| 300 | |a 228 σ.; |c 23 εκ. | ||
| 650 | 0 | 0 | |a Pollution |x Environmental aspects |z Greece. |
| 650 | 0 | 0 | |a Pollution |z Greece. |
| 650 | 0 | 0 | |a Ecology. |
| 730 | 0 | |a Οικονομική Βιομηχανική Επιθεώρηση. | |
| 852 | |a INST |b SAMOS |e 20040322 |h 363.7 ΠΑΝ |p 005300023386 |q 005300023386 |t BK |y 0 | ||
| 901 | |a BIBL3-2004-1 | ||
| 922 | |a 3ΕΛΗ | ||
| 970 | |a ΜΑΛΑΓΑΡΗ |b ΦΩΤΕΙΝΗ |z 2004/03/22 | ||